Эндогенные пожары в Донецком бассейне

Xehetasun bibliografikoak
Egile nagusia: Печук И. М.
Beste egile batzuk: Маевская В. М.
Gaia:В книге изложены причины самонагревания угля и методы определения склонности угля к самовозгоранию. Описан новый метод, разработанный автором (В. М. Маевской), который получил положительную оценку на практике, отмечено зональное распределение склонности углей к самовозгоранию в пределах пласта. Указаны факторы, влияющие на самовозгорание угля, и дана классификация эндогенных пожаров. В книге изложены методы производства наблюдений за состоянием атмосферы в пожарных участках и в очагах самонагревания. Рекомендованы способы предупреждения эндогенных пожаров и борьбы с возникшими пожарами. Книга предназначена для инженерно-технических работников угольной промышленности и работников научно-исследовательских институтов.
Hizkuntza:errusiera
Argitaratua: Москва, Углетехиздат, 1954
Gaiak:
Formatua: Liburua
KOHA link:https://koha.lib.tpu.ru/cgi-bin/koha/opac-detail.pl?biblionumber=376388

MARC

LEADER 00000nam0a2200000 4500
001 376388
005 20231102012820.0
035 |a (RuTPU)RU\TPU\retro\33828 
035 |a RU\TPU\book\251841 
090 |a 376388 
100 |a 20221222d1954 k y0rusy50 ca 
101 0 |a rus 
102 |a RU 
105 |a a z 001zy 
200 1 |a Эндогенные пожары в Донецком бассейне  |f И. М. Печук, В. М. Маевская 
210 |a Москва  |c Углетехиздат  |d 1954 
215 |a 275 с.  |c ил. 
320 |a Библиогр.: с. 271-273. 
330 |a В книге изложены причины самонагревания угля и методы определения склонности угля к самовозгоранию. Описан новый метод, разработанный автором (В. М. Маевской), который получил положительную оценку на практике, отмечено зональное распределение склонности углей к самовозгоранию в пределах пласта. Указаны факторы, влияющие на самовозгорание угля, и дана классификация эндогенных пожаров. В книге изложены методы производства наблюдений за состоянием атмосферы в пожарных участках и в очагах самонагревания. Рекомендованы способы предупреждения эндогенных пожаров и борьбы с возникшими пожарами. Книга предназначена для инженерно-технических работников угольной промышленности и работников научно-исследовательских институтов. 
606 1 |a Уголь  |x Самовозгорание  |x Физические основы  |2 stltpush  |3 (RuTPU)RU\TPU\subj\62507  |9 79581 
610 1 |a эндогенные пожары 
610 1 |a Донецкий бассейн 
610 1 |a рудничные пожары 
610 1 |a профилактика 
610 1 |a противопожарные мероприятия 
610 1 |a тушение 
610 1 |a способы 
675 |a 622.822  |v 3 
700 1 |a Печук  |b И. М. 
701 1 |a Маевская  |b В. М. 
801 1 |a RU  |b 63413507  |c 20130125 
801 2 |a RU  |b 63413507  |c 20221222  |g RCR 
942 |c BK